| Tag |
First Indicator |
Second Indicator |
Subfields |
| LEADER |
00000cam a22000001a 4500 |
| 001 |
in00004119321 |
| 005 |
20200117093844.0 |
| 006 |
m d f |
| 007 |
cr bn mmmapmmp |
| 008 |
140527s2013 mdu o f000 0 eng d |
| 035 |
|
|
|a chdc20140387
|
| 040 |
|
|
|a UMI
|c UMI
|d UtOrBLW
|
| 043 |
|
|
|a n-us---
|
| 086 |
0 |
|
|a Y 4.EN 2:S.HRG.113-225
|
| 110 |
1 |
|
|a United States.
|b Congress.
|b Senate.
|b Committee on Energy and Natural Resources.
|b Subcommittee on Water and Power.
|0 http://id.loc.gov/authorities/names/n81063940
|
| 245 |
1 |
2 |
|a Aging Water Infrastructure.
|
| 264 |
|
1 |
|a Bethesda, Md. :
|b ProQuest,
|c 2013.
|
| 300 |
|
|
|a 68 pages, digital, PDF file.
|
| 336 |
|
|
|a text
|b txt
|2 rdacontent
|
| 337 |
|
|
|a computer
|b c
|2 rdamedia
|
| 338 |
|
|
|a online resource
|b cr
|2 rdacarrier
|
| 500 |
|
|
|a Record is based on bibliographic data in ProQuest U.S. Congressional Hearings Digital Collection. Reuse except for individual research requires license from ProQuest, LLC.
|
| 500 |
|
|
|a Electronic resource.
|
| 533 |
|
|
|a Electronic reproduction.
|b [Bethesda, Md.] :
|c ProQuest,
|d 2014.
|e digital, PDF file.
|n ProQuest Congressional Hearings Digital Collection.
|n Mode of access: World Wide Web via ProQuest website.
|
| 538 |
|
|
|a System requirements: PDF reader software.
|
| 650 |
|
0 |
|a Public works
|x Government policy
|z United States.
|
| 650 |
|
0 |
|a Sewage disposal plants
|z United States.
|0 http://id.loc.gov/authorities/subjects/sh2010112753
|
| 650 |
|
0 |
|a Water-supply
|x Government policy
|z United States.
|
| 776 |
0 |
8 |
|i Microfiche version:
|a United States. Congress. Senate. Committee on Energy and Natural Resources. Subcommittee on Water and Power
|t Aging Water Infrastructure
|o CIS 2014 S311-11
|w cis201401173
|
| 856 |
4 |
0 |
|u http://proxy.library.tamu.edu/login?url=http://search.proquest.com/congcomp/getdoc?HEARING-ID=HRG-2013-NAR-0034
|y Electronic resource (PDF)
|t 0
|
| 998 |
|
|
|a cis201401173
|
| 999 |
f |
f |
|s 87274dfb-547d-3b13-814c-00859825fc5e
|i 0058a286-8968-32d0-912e-9096a2568ecc
|t 0
|
| 952 |
f |
f |
|a Texas A&M University
|b College Station
|c Electronic Resources
|d Available Online
|t 0
|e Y 4.EN 2:S.HRG.113-225
|h Superintendent of Documents classification
|
| 998 |
f |
f |
|a Y 4.EN 2:S.HRG.113-225
|t 0
|l Available Online
|